Statistiques concernant Équipes des Dresseurs Pokémon (Hoenn)

Cliquez ici pour prendre le quiz!

Statistiques générales

  • Ce quiz a été pris 282 fois
  • Le résultat moyen est 843 sur 967

Statistiques - réponses

LieuxDresseursPokémon% Correct
Route 103 (ouest)Dresseur Flora/BriceArcko
99%
Arcko
99%
Arcko
99%
ouGobou
99%
Gobou
99%
Gobou
99%
Poussifeu
99%
Poussifeu
99%
ouPoussifeu
99%
Champion RoxanneRacaillou
98%
Arène de MérouvilleGamin JohnRacaillou
98%
Gamin TomRacaillou
98%
Racaillou
98%
Montagnard MarcusRacaillou
98%
Racaillou
98%
Racaillou
98%
Montagnard LuigiRacaillou
98%
Montagnard MarcelinRacaillou
98%
Montagnard ÉmilienRacaillou
98%
Montagnard AlRacaillou
98%
Sentier SinurocMontagnard ÉricRacaillou
98%
Racaillou
98%
Racaillou
98%
Tunnel Mérazon (est)Montagnard MaximeRacaillou
98%
Montagnard GuillaumeRacaillou
98%
Racaillou
98%
Montagnard Jean-LucRacaillou
98%
Montagnard LucasRacaillou
98%
Armulys
97%
Chenipotte
97%
Scout JoséChenipotte
97%
Entomomaniac ThibaultChenipotte
97%
Bois ClémentiScout FélixChenipotte
97%
Chenipotte
97%
Chenipotte
97%
Chenipotte
97%
Route 119Entomomaniac DonaldChenipotte
97%
Scout OmarChenipotte
97%
Medhyèna
97%
Sbire MagmaMedhyèna
97%
Sbire MagmaMedhyèna
97%
Planque AquaSbire AquaMedhyèna
97%
Medhyèna
97%
Sbire MagmaMedhyèna
97%
Planque MagmaSbire MagmaMedhyèna
97%
Route 102Gamin CalvinMedhyèna
97%
Duo Sbire AquaMedhyèna
97%
Tunnel Mérazon (ouest)Sbire AquaMedhyèna
97%
Medhyèna
97%
Caverne FondmerSbire AquaMedhyèna
97%
Medhyèna
97%
Medhyèna
97%
Sbire AquaMedhyèna
97%
Sbire AquaMedhyèna
97%
Medhyèna
97%
Duo Sbire AquaMedhyèna
97%
Medhyèna
97%
Medhyèna
97%
Sbire AquaMedhyèna
97%
Famille StratègeStratège VictorNirondelle
97%
Pique-Nique GretaNirondelle
97%
Nirondelle
97%
Ornithologue JusteNirondelle
97%
Ornithologue JoshuaNirondelle
97%
Campeur JulioNirondelle
97%
Nirondelle
97%
Nirondelle
97%
Nirondelle
97%
Route 117Sr. et Jr. Anna & EvaZigzaton
97%
Flotteur RachidZigzaton
97%
Campeur DiegoZigzaton
97%
Route 104 (nord)Richard Jean-MarieZigzaton
97%
Zigzaton
97%
Gamin EddieZigzaton
97%
ÉpaveGamin CharlieZigzaton
97%
Zigzaton
97%
Richard AdrienZigzaton
97%
Zigzaton
97%
Mademoiselle SandyZigzaton
97%
Zigzaton
97%
Zigzaton
97%
Gamin AlainZigzaton
97%
Zigzaton
97%
Fillette MarianneZigzaton
97%
Gamin LinoZigzaton
97%
Route 104 (sud)Gamin WillyZigzaton
97%
Gamin BenZigzaton
97%
Galifeu
96%
Galifeu
96%
Galifeu
96%
Leader Aqua ArthurGrahyèna
96%
Grahyèna
96%
Sbire AquaGrahyèna
96%
Grahyèna
96%
Leader Magma MaxGrahyèna
96%
Leader Magma MaxGrahyèna
96%
Admin Aqua MatthieuGrahyèna
96%
Admin Magma KelvinGrahyèna
96%
Grahyèna
96%
Grahyèna
96%
Sbire MagmaGrahyèna
96%
Max & KelvinGrahyèna
96%
Sbire MagmaGrahyèna
96%
Ligue PokémonConseil 4 DamienGrahyèna
96%
Sbire MagmaGrahyèna
96%
Blindalys
95%
Charmillon
95%
Jumelles Miu & YukiCharmillon
95%
Entomomaniac AymericCharmillon
95%
Charmillon
95%
Charmillon
95%
Charmillon
95%
Flobio
95%
Flobio
95%
Flobio
95%
Arène de Clémenti-VilleTopdresseur RaphaëlHélédelle
95%
Ortnihologue PhilHélédelle
95%
Ornithologue FrédoHélédelle
95%
Hélédelle
95%
Hélédelle
95%
Expert KévinHélédelle
95%
Hélédelle
95%
Hélédelle
95%
Chenal 127Ornithologue LucHélédelle
95%
Hélédelle
95%
Topdresseur MaxenceHélédelle
95%
Topdresseur SamuelHélédelle
95%
Linéon
95%
Linéon
95%
Pêcheur FabienMagicarpe
95%
Magicarpe
95%
Pêcheur YvanMagicarpe
95%
Magicarpe
95%
Pêcheur RemyMagicarpe
95%
Pêcheur AliMagicarpe
95%
Pêcheur ElliotMagicarpe
95%
Magicarpe
95%
Magicarpe
95%
Magicarpe
95%
Pêcheur RogerMagicarpe
95%
Magicarpe
95%
Pêcheur ChristopheMagicarpe
95%
Éleveur NorbertMakuhita
95%
Combattante ArmelleMakuhita
95%
Karatéka EnriqueMakuhita
95%
Makuhita
95%
Makuhita
95%
Karatéka YujiMakuhita
95%
Makuhita
95%
Expert FlorianMakuhita
95%
Makuhita
95%
Makuhita
95%
Karatéka YorickMakuhita
95%
Makuhita
95%
Massko
95%
Massko
95%
Massko
95%
Jeune Couple Mel & PaulPapinox
95%
Entomomaniac DidierPapinox
95%
Papinox
95%
Papinox
95%
Papinox
95%
Tarinor
95%
Tarinor
95%
Tarinor
95%
Kinésiste VirgileTarsal
95%
LavandiaDresseur TimmyTarsal
95%
Élève ThéoTarsal
95%
Kinésiste WilliamTarsal
95%
Élève JulienTarsal
95%
Drattak
94%
Kinésiste MarlèneMéditikka
94%
Mystimaniac SylviaMéditikka
94%
Combattante DanielleMéditikka
94%
Arène de MyokaraCombattante LauraMéditikka
94%
Combattante AïshaMéditikka
94%
Combattante ManonMéditikka
94%
Combattante CamilleMéditikka
94%
Méditikka
94%
Combattante SandrineMéditikka
94%
Méditikka
94%
Experte AlixMéditikka
94%
Combattante ChristineMéditikka
94%
Méditikka
94%
Stratège VickyMéditikka
94%
Combattante VerenaMéditikka
94%
Méditikka
94%
Combattante VivianeMéditikka
94%
Métalosse
94%
Camérupt
93%
Camérupt
93%
Camérupt
93%
Camérupt
93%
Camérupt
93%
Camérupt
93%
Camérupt
93%
Sbire MagmaChamallot
93%
Chamallot
93%
Chamallot
93%
Sbire MagmaChamallot
93%
Montagnard ÉlieChamallot
93%
Chamallot
93%
Sbire MagmaChamallot
93%
Chamallot
93%
Montagnard BasileChamallot
93%
Saltimbanque AxelChamallot
93%
Sbire MagmaChamallot
93%
Élève PaulChamallot
93%
Champion AdrianeChamallot
93%
Saltimbanque JerryChamallot
93%
Chamallot
93%
Soeur Parasol MadeleineChamallot
93%
Chamallot
93%
Route 112 (suite)Saltimbanque RaoulChamallot
93%
Chamallot
93%
Saltimbanque CyrilChamallot
93%
Chamallot
93%
Chamallot
93%
Chamallot
93%
Mont Chimnée (retour)Canon ShirleyChamallot
93%
Mont ChimnéeSbire MagmaChamallot
93%
Admin Magma KelvinChamallot
93%
Chamallot
93%
Chamallot
93%
Champion BastienMachoc
93%
Route 116Gamin JoMachoc
93%
Karatéka KoichiMachoc
93%
Karatékia HitoshiMachoc
93%
Machoc
93%
Machoc
93%
Route 115Karatéka HiroMachoc
93%
Karatéka BaptisteMachoc
93%
Machoc
93%
Machoc
93%
Machoc
93%
Karatéka DaisukeMachoc
93%
Machoc
93%
Marin YvonMachoc
93%
Poivressel (plage)Marin HenriMachoc
93%
Nénupiot
93%
Nénupiot
93%
Mademoiselle PaolaNénupiot
93%
MérouvilleDresseur FloraNénupiot
93%
Fillette AudeNénupiot
93%
Pkmn Ranger JennaNénupiot
93%
Jumelles Gina & MiaNénupiot
93%
Dresseur BriceNénupiot
93%
Nageur ClarenceSharpédo
93%
Sharpédo
93%
Admin Aqua SarahSharpédo
93%
Sharpédo
93%
Chenal 132Nageur GilbertSharpédo
93%
Sharpédo
93%
Sharpédo
93%
Sharpédo
93%
Sbire AquaCarvanha
92%
Chenal 126Nageur LéoCarvanha
92%
Carvanha
92%
Carvanha
92%
Nageur JeanCarvanha
92%
Nageur PacômeCarvanha
92%
Mont Mémoria (ext)Sbire AquaCarvanha
92%
Sbire AquaCarvanha
92%
Carvanha
92%
Carvanha
92%
Musée OcéanographiqueSbire AquaCarvanha
92%
Nageur LouisCarvanha
92%
Nageur MatthéoCarvanha
92%
Carvanha
92%
Carvanha
92%
Carvanha
92%
Arène d'AtalanopolisCanon SabrinaCarvanha
92%
Sbire AquaCarvanha
92%
Admin Aqua SarahCarvanha
92%
Sbire AquaCarvanha
92%
Carvanha
92%
Carvanha
92%
Pêcheur HenryCarvanha
92%
Sbire AquaCarvanha
92%
Sbire AquaCarvanha
92%
Sbire AquaCarvanha
92%
Nageur AntoineCarvanha
92%
Expert GaspardÉlecsprint
92%
Guitariste FabianÉlecsprint
92%
Topdresseur CarolinaÉlecsprint
92%
Élecsprint
92%
Topdresseur MaximÉlecsprint
92%
Élecsprint
92%
Élecsprint
92%
Gentleman WalterÉlecsprint
92%
Topdresseur MarcelÉlecsprint
92%
Gentleman AnatoleÉlecsprint
92%
Élecsprint
92%
Topdresseur AdelineÉlecsprint
92%
Élecsprint
92%
Topdresseur MargauxÉlecsprint
92%
Topdresseur KarenGardevoir
92%
Gardevoir
92%
Pêcheur FrancisWailmer
92%
Wailmer
92%
Canon ThaliaWailmer
92%
Nageuse JennyWailmer
92%
Wailmer
92%
Route 119 (suite)Dresseur Flora/BriceWailmer
92%
Marin ValentinWailmer
92%
Nageuse IrinaWailmer
92%
Pêcheur JonasWailmer
92%
Wailmer
92%
Wailmer
92%
Nageur AmauryWailmer
92%
Wailmer
92%
Nageuse Marie-AngeWailmer
92%
Wailmer
92%
ouWailmer
92%
Wailmer
92%
Wailmer
92%
Wailmer
92%
Wailmer
92%
Guitariste FernandDynavolt
91%
Dynavolt
91%
Éleveut PathyDynavolt
91%
Dynavolt
91%
Dynavolt
91%
Dynavolt
91%
Dynavolt
91%
Arène de LavandiaGuitariste ChrisDynavolt
91%
Topdresseur WilfriedDynavolt
91%
Dynavolt
91%
Galekid
91%
Pokémaniac StéphaneGalekid
91%
Gamin DendenGalekid
91%
Galekid
91%
Galekid
91%
Route 110 (est/nord)Gamin TimGalekid
91%
Pokémaniac KerwinGalekid
91%
Goélise
91%
Marin HaroldGoélise
91%
Nageuse DeniseGoélise
91%
Goélise
91%
Goélise
91%
Triathlète DonnaGoélise
91%
Topdresseur BlancheGoélise
91%
Goélise
91%
ouGoélise
91%
Goélise
91%
Triathlète FernandoGoélise
91%
Nageur HervéGoélise
91%
ouGoélise
91%
Goélise
91%
Marin EdmondGoélise
91%
Marin ErnestGoélise
91%
Nageur DavidGoélise
91%
Ornithologue GinoGoélise
91%
Goélise
91%
Goélise
91%
Goélise
91%
Marin LambertGoélise
91%
Goélise
91%
Éleveuse ClotildeGoélise
91%
Goélise
91%
Goélise
91%
Ornithologue HuguesGoélise
91%
Traithlète AllyGoélise
91%
Ornithologue PedroGoélise
91%
Kirlia
91%
Kirlia
91%
Kinésiste SabineKirlia
91%
Kinésiste ClaudieKirlia
91%
Arène d'AlgatiaKinésiste PoloKirlia
91%
Léviator
91%
Léviator
91%
Chenal 130Nageur RodolpheLéviator
91%
Léviator
91%
Nageur JacquesLéviator
91%
Léviator
91%
Nageur BenoîtLéviator
91%
Léviator
91%
Léviator
91%
Nageur ArnoLéviator
91%
Léviator
91%
Machopeur
91%
Machopeur
91%
Machopeur
91%
Machopeur
91%
Marin PatriceMachopeur
91%
Machopeur
91%
Machopeur
91%
Karatéka KojiMachopeur
91%
Nosférapti
91%
Nosférapti
91%
Sbire AquaNosférapti
91%
Centre MétéoSbire AquaNosférapti
91%
Sbire MagmaNosférapti
91%
Sbire AquaNosférapti
91%
Centre SpatialSbire MagmaNosférapti
91%
Sbire MagmaNosférapti
91%
Sbire MagmaNosférapti
91%
Nosférapti
91%
Sbire MagmaNosférapti
91%
Nosférapti
91%
Nosférapti
91%
Nosférapti
91%
Nosférapti
91%
Sbire AquaNosférapti
91%
Nosférapti
91%
Nosférapti
91%
Sbire AquaNosférapti
91%
Sbire AquaNosférapti
91%
Sbire MagmaNosférapti
91%
Sbire MagmaNosférapti
91%
Topdresseur GaultierSéléroc
91%
Séléroc
91%
Séléroc
91%
Séléroc
91%
Solaroc
91%
Solaroc
91%
Kinésiste ProsperSolaroc
91%
Solaroc
91%
Békipan
90%
Békipan
90%
Békipan
90%
Ornithologue HubertBékipan
90%
Békipan
90%
Topdresseur SéverineBékipan
90%
Békipan
90%
Békipan
90%
Békipan
90%
Nageur RichardBékipan
90%
Conseil 4 AragonDrackhaus
90%
Topdresseur ChloéGalégon
90%
Grainipiot
90%
Grainipiot
90%
Grainipiot
90%
Pkmn Ranger LuisGrainipiot
90%
Libégon
90%
Journalistes Inès & GuyMagnéti
90%
Magnéti
90%
Magnéti
90%
Triathlète AnthonyMagnéti
90%
Triathlète GaëlleMagnéti
90%
Triathlète NathanMagnéti
90%
Guitariste BibouMagnéti
90%
Magnéti
90%
Triathlète AlyssaMagnéti
90%
Route 111 (suite)Journalistes Inès & GuyMagnéti
90%
Triathlète YasminaMagnéti
90%
Magnéti
90%
Triathlète BenjaminMagnéti
90%
Lombre
89%
Pique-Nique AngelinaLombre
89%
Collec MartinLombre
89%
Lombre
89%
Lombre
89%
Lombre
89%
Lombre
89%
Canon OliviaLombre
89%
Lombre
89%
Milobellus
89%
Monaflèmit
89%
Sr. et Jr. Vivi & BéaMonaflèmit
89%
Topdresseur QuentinMonaflèmit
89%
Monaflèmit
89%
Nosferalto
89%
Nosferalto
89%
Nosferalto
89%
Route 121Mystimaniac NinonSkelénox
89%
Mystimaniac SélénaSkelénox
89%
Skitty
89%
Éleveur LaraSkitty
89%
Pique-Nique MartheSkitty
89%
Skitty
89%
Skitty
89%
Skitty
89%
Skitty
89%
Pokéfan PiotrSkitty
89%
Fillette SuzetteSkitty
89%
Pokéfan MichelSkitty
89%
Téraclope
89%
Conseil 4 SpectraTéraclope
89%
Téraclope
89%
Wailord
89%
Maître MarcWailord
89%
Altaria
88%
Dracologue NicolasAltaria
88%
Altaria
88%
Altaria
88%
Altaria
88%
Branette
88%
Branette
88%
Kinésiste AlvaroBranette
88%
Mystimaniac PatriciaBranette
88%
Galeking
88%
Galeking
88%
ouLimagma
88%
ouLimagma
88%
Saltimbanque BernardLimagma
88%
Limagma
88%
Limagma
88%
Limagma
88%
Arène de VermilavaSaltimbanque FlavienLimagma
88%
Saltimbanque AntonioLimagma
88%
Saltimbanque MelvilLimagma
88%
Limagma
88%
Saltimbanque IvanLimagma
88%
Limagma
88%
Limagma
88%
Phogleur
88%
Conseil 4 GlaciaPhogleur
88%
Phogleur
88%
Nageur MarioPhogleur
88%
Pifeuil
88%
Route 112Campeur LaurentPifeuil
88%
Pifeuil
88%
Pifeuil
88%
Pique-Nique CharleenPifeuil
88%
Pifeuil
88%
Pifeuil
88%
Tengalice
88%
Tengalice
88%
Tengalice
88%
Chenal 128Topdresseur StevenTengalice
88%
Tengalice
88%
Pkmn Ranger SofiaTylton
88%
Tylton
88%
Sr. et Jr. Kim & IrisTylton
88%
Ornithologue BobTylton
88%
Pique-Nique ConnieTylton
88%
Tylton
88%
Tylton
88%
Champion AlizéeTylton
88%
Tylton
88%
Vigoroth
88%
Topdresseur BertrandVigoroth
88%
Vigoroth
88%
Route 123Topdresseur AstridAbsol
87%
Absol
87%
Absol
87%
Route 103 (est)Aroma NinaBalignon
87%
Pique-Nique DianeBalignon
87%
Balignon
87%
Balignon
87%
Dresseur Flora/BriceBalignon
87%
Balignon
87%
Balignon
87%
Canon SheilaBalignon
87%
Balignon
87%
ouBalignon
87%
ouBalignon
87%
Pique-Nique NathyBalignon
87%
Balignon
87%
Balignon
87%
Pique-Nique BiancaBalignon
87%
Élève GwendolineBalignon
87%
Aroma LéonieBalignon
87%
Élève KarèneBalignon
87%
Balignon
87%
Pique-Nique IrèneBalignon
87%
Gamin BryanBalignon
87%
Topdresseur NielsCharmina
87%
Charmina
87%
Site MétéoreVieux Couple John & JayCharmina
87%
Charmina
87%
Charmina
87%
Gravalanch
87%
Gravalanch
87%
Gravalanch
87%
Topdresseur WolfgangGravalanch
87%
Hariyama
87%
Hariyama
87%
Expert TimothéeHariyama
87%
Karatéka FreddyHariyama
87%
Karatéka TetsuoHariyama
87%
Hariyama
87%
Karatéka AkiraHariyama
87%
Kaimorse
87%
Ludicolo
87%
Ludicolo
87%
Ludicolo
87%
Ludicolo
87%
Ludicolo
87%
Magnéton
87%
Magnéton
87%
Route 120Journalistes Inès & GuyMagnéton
87%
Topdresseur AlbertMagnéton
87%
Magnéton
87%
Marin LudovicObalie
87%
Obalie
87%
Obalie
87%
Chenal 131Nageur KévinObalie
87%
Chenal 129Nageur AlbinObalie
87%
Obalie
87%
Route VictoireDresseur TimmyRosélia
87%
Rosélia
87%
Rosélia
87%
Rosélia
87%
Rosélia
87%
Route 118 (ouest)Aroma RoseRosélia
87%
Rosélia
87%
Experte AngèleRosélia
87%
Mademoiselle NaomiRosélia
87%
Rosélia
87%
Aroma CélinaRosélia
87%
Soeur Parasol ClarisseRosélia
87%
Stratège VictoriaRosélia
87%
Rosélia
87%
Sr. et Jr. Tyra & IvyRosélia
87%
Rosélia
87%
Rosélia
87%
Topdresseur HortenseRosélia
87%
Tropius
87%
Ornithologue LadislasTropius
87%
Ornithologue ElvisTropius
87%
Tropius
87%
NénucriqueDresseur Flora/BriceTropius
87%
Tropius
87%
ouTropius
87%
Ornithologue PlacidTropius
87%
Tropius
87%
Tropius
87%
ouTropius
87%
ouChartor
86%
Topdresseur MichelleChartor
86%
Chartor
86%
Jeune Couple Annie & KarlDelcatty
86%
Topdresseur MarieDelcatty
86%
Delcatty
86%
Delcatty
86%
Négapi
86%
Pokéfan KalebNégapi
86%
Négapi
86%
Topdresseur GeorgesParecool
86%
Posipi
86%
Route 110 (sud)Pokéfan IsabellePosipi
86%
Jumelles Eve & AwaPosipi
86%
Voltorbe
86%
Triathlète JacobVoltorbe
86%
Guitariste JérémiaVoltorbe
86%
Guitariste JosephVoltorbe
86%
Voltorbe
86%
Guitariste RobertVoltorbe
86%
Voltorbe
86%
Champion VoltèreVoltorbe
86%
Topdresseur CarolineAirmure
85%
Airmure
85%
Arène de CimetronelleOrnithologue HumbertAirmure
85%
Airmure
85%
Ornithologue WalterAirmure
85%
Ornithologue ElliahAirmure
85%
Airmure
85%
Site MétéoreDresseur PierreAirmure
85%
Airmure
85%
Airmure
85%
Armaldo
85%
Kaorine
85%
Topdresseur SamiaKaorine
85%
Topdresseur DianaKaorine
85%
Kaorine
85%
Kaorine
85%
Kraknoix
85%
Route 113Gamin GillesKraknoix
85%
Nageuse MurielMarill
85%
Marill
85%
Flotteur MeganMarill
85%
Marill
85%
Route 111 (désert)Pique-Nique CéliaMarill
85%
Marill
85%
Pique-Nique NancyMarill
85%
Stratège ViviMarill
85%
Chenal 124Nageuse GraceMarill
85%
Pique-Nique SophiaMarill
85%
Marill
85%
Marill
85%
Route 103 (surf)Nageuse IsabeauMarill
85%
Chenal 109Flotteur AuréliaMarill
85%
Marill
85%
Nageuse MylèneMarill
85%
Flotteur GwenaëlleMarill
85%
Marill
85%
Fillette PerrineMarill
85%
Flotteur CharlesMarill
85%
Canon MélissaMarill
85%
Marill
85%
Flotteur VeroMarill
85%
Ningale
85%
Ningale
85%
Scout JamesNingale
85%
Scout AlfredNingale
85%
Ninja Fan MarcelNingale
85%
Oniglali
85%
Oniglali
85%
Mystimaniac TatianaPolichombr
85%
Polichombr
85%
Polichombr
85%
Tentacool
85%
Route 118 (suite)Pêcheur BarneyTentacool
85%
Tentacool
85%
Pêcheur AristideTentacool
85%
Tentacool
85%
Pêcheur FabioTentacool
85%
Pêcheur JérémyTentacool
85%
Tentacool
85%
Chenal 105Nageur AurélienTentacool
85%
Tentacool
85%
Tentacool
85%
Tentacool
85%
Nageur LaszloTentacool
85%
Tentacool
85%
Flotteur JeannotTentacool
85%
Tentacool
85%
Tentacool
85%
Chenal 106Nageur DominiqueTentacool
85%
Tentacool
85%
Tentacool
85%
Nageur DanielTentacool
85%
Nageur SylvainTentacool
85%
Chenal 106 (plage)Pêcheur ErwanTentacool
85%
Nageur CédricTentacool
85%
Vacilys
85%
Kinésiste ÉdouardAbra
84%
Piste CyclableKinésiste JacquelineAbra
84%
Richard Paul-AlainAzumarill
84%
Azumarill
84%
Frère et Soeur Ian & LanaAzumarill
84%
Azumarill
84%
Canon GisèleAzumarill
84%
Nageuse ChristelleAzumarill
84%
Cacturne
84%
Topdresseur EdgardCacturne
84%
Pkmn Ranger SébastienCacturne
84%
Chenal 134Dracologue IgorDraby
84%
Champion NormanSpinda
84%
Spinda
84%
Topdresseur PatrickSpinda
84%
Spinda
84%
Jumelles Lila & NellySpinda
84%
Sbire MagmaBalbuto
83%
Sbire MagmaBalbuto
83%
Balbuto
83%
Balbuto
83%
Sbire MagmaBalbuto
83%
Balbuto
83%
Ruinemaniac AlphonseBalbuto
83%
Sbire MagmaBalbuto
83%
Balbuto
83%
Sbire MagmaBalbuto
83%
Balbuto
83%
Sbire MagmaBalbuto
83%
Barpau
83%
Barpau
83%
Pokéfan NicoleBarpau
83%
Hyporoi
83%
Hyporoi
83%
Kadabra
83%
Kadabra
83%
Kinésiste JosephKadabra
83%
Kadabra
83%
Kadabra
83%
Kinésiste MyriamKadabra
83%
Kinésiste NoraKadabra
83%
Mystimaniac AnnickKadabra
83%
Nostenfer
83%
Nostenfer
83%
Nostenfer
83%
Chapignon
82%
Pkmn Ranger MichaelChapignon
82%
Combattante LucieChapignon
82%
Chuchmur
82%
Éleveur IsaacChuchmur
82%
Chuchmur
82%
Nageuse AlicePoissirène
82%
Soeur Parasol ArlettePoissirène
82%
Nageuse SégolènePoissirène
82%
Pêcheur ClaudePoissirène
82%
Nageuse BettyPoissirène
82%
Fillette RachelPoissirène
82%
Frère et Soeur Ray & LisaPoissirène
82%
Canon SarahPoissirène
82%
Poissirène
82%
Maison Bord de MerCanon FlaviePoissirène
82%
Chenal 108Nageuse CloPoissirène
82%
Poissirène
82%
Poissirène
82%
Nageuse MélaniePoissirène
82%
Chenal 125Nageur ChristianTentacruel
82%
Tentacruel
82%
Nageur HarryTentacruel
82%
Tentacruel
82%
Nageur JérômeTentacruel
82%
Tentacruel
82%
Tentacruel
82%
Tentacruel
82%
Mademoiselle SuzieLovdisc
81%
Nageuse TanyaLovdisc
81%
Nageuse SuzyLovdisc
81%
Lovdisc
81%
Lovdisc
81%
Nageuse GraziellaLovdisc
81%
Lovdisc
81%
Nageuse RosalieLovdisc
81%
Champion JuanLovdisc
81%
Fillette MissiLovdisc
81%
Le MarinaJeune Couple Lise & AliLovdisc
81%
Lovdisc
81%
Dresseur Pierre (allié)Métang
81%
Ninjask
81%
Ninja Fan RalphNinjask
81%
Ninja Fan TakashiNinjask
81%
Ninjask
81%
Scout KenNinjask
81%
Ninja Fan ChonNinjask
81%
Ninjask
81%
Pokéfan VanessaPikachu
81%
Topdresseur ChristineRamboum
81%
Ramboum
81%
Ramboum
81%
Ramboum
81%
Ramboum
81%
Pokéfan VéronicaAzurill
80%
Flotteur SimonAzurill
80%
Azurill
80%
Flotteur LéaAzurill
80%
Experte MathildeBarbicha
80%
Barbicha
80%
Barbicha
80%
Barloche
80%
Pêcheur KaïBarloche
80%
Route 114Pêcheur NoëlBarloche
80%
Colhomard
80%
Colhomard
80%
Coquiperl
80%
Topdresseur VincentTénéfix
80%
Topdresseur OphélieTénéfix
80%
Topdresseur JenniferTénéfix
80%
Ténéfix
80%
Mystimaniac ValériaTénéfix
80%
Ténéfix
80%
Écrapince
79%
Électrode
79%
Mademoiselle VivianePoissoroy
79%
Nageuse EdwigePoissoroy
79%
Nageuse CarlaPoissoroy
79%
Nageuse LilianePoissoroy
79%
Nageuse MorganePoissoroy
79%
Topdresseur GéraldKécléon
78%
Campeur JustinKécléon
78%
Canon JessicaKécléon
78%
Topdresseur OliverKécléon
78%
Topdresseur JonathanKécléon
78%
Topdresseur JoelleMangriff
78%
Collec EdMangriff
78%
Gentleman TonyMangriff
78%
Collec HectorMangriff
78%
Séviper
78%
Séviper
78%
Séviper
78%
Smogo
78%
Smogo
78%
Smogo
78%
Ninja Fan JustinSmogo
78%
Ninja Fan LayoSmogo
78%
Smogo
78%
Ninja Fan VantekSmogo
78%
Ninja Fan HideoSmogo
78%
Smogo
78%
Ninja Fan KanedaSmogo
78%
Hypocéan
77%
Gentleman VicenteSpoink
77%
Mystimaniac ErinSpoink
77%
Spoink
77%
Nageur StanislasHypotrempe
76%
Nageuse TaraHypotrempe
76%
Chenal 133Nageuse LindaHypotrempe
76%
Hypotrempe
76%
Mackogneur
74%
Sabelette
73%
Ruinemaniac LéniSabelette
73%
Campeur TristanSabelette
73%
Ruinemaniac KenzoSabelette
73%
Campeur ThierrySabelette
73%
Ruinemaniac ÉmileSabelette
73%
Campeur ZacharieSabelette
73%
Campeur DjamelSabelette
73%
Sabelette
73%
Pique-Nique GénevièveSabelette
73%
Sabelette
73%
Campeur YanisSabelette
73%
Route 111 (sud)Campeur JimSabelette
73%
Pique-Nique HeidiSabelette
73%
Arakdo
71%
Entomomaniac FlorentArakdo
71%
Arakdo
71%
Entomomaniac BradArakdo
71%
Topdresseur LéonMysdibule
71%
Mysdibule
71%
Topdresseur WendyMysdibule
71%
Topdresseur VitoDodrio
70%
Dodrio
70%
Gloupti
70%
Gloupti
70%
Gloupti
70%
Ruinemaniac RenaudSablaireau
70%
Ruinemaniac ArmandSablaireau
70%
Sablaireau
70%
Sablaireau
70%
Topdresseur JulieSablaireau
70%
Sablaireau
70%
Triathlète JackyStari
70%
Stari
70%
Triathlète JeoffreyStari
70%
Triathlète KatelynStari
70%
Triathlète PabloStari
70%
Traithlète IsabelStari
70%
Stari
70%
Stari
70%
Triathlète TaliaStari
70%
Triathlète IsabellaStari
70%
Chenal 107Triathlète YannStari
70%
Stari
70%
Stari
70%
Staross
70%
Triathlète MélinaDoduo
69%
Triathlète KyraDoduo
69%
Triathlète MariaDoduo
69%
Ornithologue JoachimDoduo
69%
Triathlète RégisDoduo
69%
Ornithologue BorisDoduo
69%
Soeur Parasol AgatheMorphéo
69%
Soeur Parasol AngéliqueMorphéo
69%
Lumivole
68%
Lumivole
68%
Lumivole
68%
Mystherbe
68%
Mystherbe
68%
Maison des piègesFillette SallyMystherbe
68%
Xatu
68%
Champions Lévy & TatiaXatu
68%
Campeur FrédéricXatu
68%
Xatu
68%
Xatu
68%
Kinésiste SamanthaXatu
68%
Xatu
68%
Expert YvesLoupio
67%
Nageuse KatiaLoupio
67%
Frère et Soeur Rita & SamLoupio
67%
Scout GrégoryMuciole
67%
Entomomaniac OlivieroMuciole
67%
Jeune Couple Louisa & HalMuciole
67%
Kinésiste AlessandraNatu
67%
Ornithologue AlexNatu
67%
Natu
67%
Natu
67%
Aroma VioletteOrtide
65%
Topdresseur AlexiaOrtide
65%
Pkmn Ranger CatherineOrtide
65%
Lanturn
63%
Kinésiste NicholasQulbutoké
61%
Kinésiste KarinQulbutoké
61%
Gentleman LazareQulbutoké
61%
Kinésiste CyrilQulbutoké
61%
Kinésiste AntoniaÉoko
60%
Feunard
56%
Kinésiste HuguesGirafarig
56%
Gentleman BlaiseGirafarig
56%
Grotadmorv
54%
Scout KarimScarabrute
53%
Mont MémoriaPokémaniac AchilleRhinocorne
50%
Topdresseur MagalieGrodoudou
39%

Distribution des résultats

Percentile par nombre de réponses

% des personnes avec chaque résultat

Votre développement - résultats

Vous n’avez pas pris ce quiz